000 00475cam a2200169ua 4500
020 _cRs 3.50
041 _amal
_h
082 _a894.812 803 55
_bKES/BI
100 _aKesava Menon, K P .
245 _aBilathi Vishesham /
_cK P Kesava Menon.
_hTextual Documents
260 _aCalicut :
_bMathrubhumi Printing & Publishing Companty Ltd ,
_c1959.
300 _a288 ; .
365 _aRs 3.50
650 _aTravelogue - Malayalam
942 _cBK
999 _c534
_d534